| 000 | 00628nam a22002057a 4500 | ||
|---|---|---|---|
| 999 |
_c185812 _d185812 |
||
| 005 | 20220210113353.0 | ||
| 010 | _aENG-131493 | ||
| 020 |
_a9788181804464 _c100.00 |
||
| 035 | _aEN-115025 | ||
| 037 | _bDBAD | ||
| 082 | _a361.32 | ||
| 100 | _aSekhar, S.F. Chandra | ||
| 245 |
_aB.S.W. First year Social Work/ _cS.F. Chandra Sekhar, K. Rajeshwari, and Edited by M. Vijay Kumar Sharma |
||
| 260 |
_aHyderabad _bTelugu Akademi _c2017 |
||
| 270 |
_bHyderabad _e500029 |
||
| 300 |
_a684p. _bIndex _c24cm(pbk) |
||
| 700 | _aRajeshwari, K. | ||
| 700 | _aSharma, M. Vijay Kumar | ||
| 942 |
_2ddc _cEN _h361.32 _mSEK |
||